A simple Spanish Grammar

保存先:
書誌詳細
主要な著者: Taylor, R. J (著者), Alberry, C. E (著者)
フォーマット: 図書
言語:英語
スペイン語
出版事項: Londres Edward Arnold 1981
主題:
タグ: タグ追加
タグなし, このレコードへの初めてのタグを付けませんか!

MARC

LEADER 00000cam a2200000 a 4500
001 UCF5912
003 CL-VaPUC
008 130404e19810000UK |||||||||||||||||eng|d
020 |a 0713105488 
041 0 7 |a eng  |2 CL-VaPUC 
041 0 7 |a spa  |2 CL-VaPUC 
082 0 4 |a 468.2421  |b TAY  |2 21 
100 0 |a Taylor, R. J  |e author  |9 567908 
700 0 |a Alberry, C. E  |e author  |9 567909 
245 1 2 |a A simple Spanish Grammar 
300 |a 96 p 
942 |c BK 
945 |d 20130404 00:00:00  |a dcastane 
260 |a Londres  |b Edward Arnold  |c 1981 
650 0 |a Lengua española  |9 314728 
650 0 |a Gramática  |9 270497 
650 0 |a Enseñanza del español  |9 339826 
583 |a last modification  |c 20130404 09:53:00  |k Rodrigo Vera 
999 |c 351305  |d 351303 
952 |0 0  |1 0  |4 0  |6 468_242100000000000_TAY_1981  |7 0  |8 A  |9 455340  |a BIBEDU  |b BIBEDU  |d 2019-11-22  |i 4950062  |o 468.2421 TAY 1981  |p 4950062  |r 2019-11-22  |w 2019-11-22  |y BK  |k CIT